000 01251nam a2200325 a 4500
001 ebr10728850
003 CaPaEBR
006 m o u
007 cr cn|||||||||
008 130709s2007 gw sb 001 0 eng d
020 _z9783938793183
020 _z9783110327427
020 _z9783110327779 (e-book)
040 _aCaPaEBR
_cCaPaEBR
035 _a(OCoLC)853691230
050 1 4 _aBJ1500.M47
_bA23 2007eb
100 1 _aAbad, Diana.
245 1 0 _aKeeping balance
_h[electronic resource] :
_bon desert and propriety /
_cDiana Abad.
260 _aFrankfurt :
_bOntos Verlag,
_c2007.
300 _a202 p.
490 1 _aPractical philosophy ;
_vv. 10
504 _aIncludes bibliographical references and indexes.
505 0 _apt. 1. Desert -- pt. 2. Propriety -- pt. 3. Applications.
533 _aElectronic reproduction.
_bPalo Alto, Calif. :
_cebrary,
_d2013.
_nAvailable via World Wide Web.
_nAccess may be limited to ebrary affiliated libraries.
650 0 _aMerit (Ethics)
655 7 _aElectronic books.
_2local
710 2 _aebrary, Inc.
830 0 _aPractical philosophy ;
_vBd. 10.
856 4 0 _uhttp://site.ebrary.com/lib/rucke/Doc?id=10728850
_zAn electronic book accessible through the World Wide Web; click to view
999 _c151602
_d151602